The magic school bus explores the senses / (Record no. 402)

MARC details
000 -LEADER
fixed length control field 01074nam a22003137a 4500
001 - CONTROL NUMBER
control field 402
003 - CONTROL NUMBER IDENTIFIER
control field FISKH
005 - DATE AND TIME OF LATEST TRANSACTION
control field 20250827142252.0
008 - FIXED-LENGTH DATA ELEMENTS--GENERAL INFORMATION
fixed length control field 230407b cb ||||| |||| 00| 0 eng d
020 ## - INTERNATIONAL STANDARD BOOK NUMBER
International Standard Book Number 9780545342322
040 ## - CATALOGING SOURCE
Original cataloging agency DLC
Transcribing agency DLC
Modifying agency DLC
-- FISKH
Language of cataloging eng
042 ## - AUTHENTICATION CODE
Authentication code lcac
050 00 - LIBRARY OF CONGRESS CALL NUMBER
Classification number QP434
Item number .C565 1999
082 00 - DEWEY DECIMAL CLASSIFICATION NUMBER
Classification number 612.8
Edition number 21
100 1# - MAIN ENTRY--PERSONAL NAME
Personal name Cole, Joanna.
245 14 - TITLE STATEMENT
Title The magic school bus explores the senses /
Statement of responsibility, etc. by Joanna Cole ; illustrated by Bruce Degen.
250 ## - EDITION STATEMENT
Edition statement 1st ed.
260 ## - PUBLICATION, DISTRIBUTION, ETC.
Place of publication, distribution, etc. New York :
Name of publisher, distributor, etc. Scholastic Press,
Date of publication, distribution, etc. 1999.
300 ## - PHYSICAL DESCRIPTION
Extent 47 pages. :
Other physical details col ill. ;
Dimensions 20 x 24 cm.
520 ## - SUMMARY, ETC.
Summary, etc. Ms. Frizzle and her class explore the senses by traveling on the magic school bus in and out of an eye, ear, mouth, nose, and other parts of both human and animal bodies.
521 8# - TARGET AUDIENCE NOTE
Target audience note 690 <br/>
Source Lexile AD
521 8# - TARGET AUDIENCE NOTE
Target audience note M <br/>
Source Raz-Plus
650 #0 - SUBJECT ADDED ENTRY--TOPICAL TERM
Topical term or geographic name entry element Senses and sensation
General subdivision Juvenile literature.
650 #1 - SUBJECT ADDED ENTRY--TOPICAL TERM
Topical term or geographic name entry element Senses and sensation.
700 1# - ADDED ENTRY--PERSONAL NAME
Personal name Degen, Bruce,
Relator term ill.
906 ## - LOCAL DATA ELEMENT F, LDF (RLIN)
a 7
b cbc
c orignew
d 1
e ocip
f 19
g y-gencatlg
942 ## - ADDED ENTRY ELEMENTS (KOHA)
Source of classification or shelving scheme Dewey Decimal Classification
Koha item type Books
Suppress in OPAC No
Holdings
Withdrawn status Lost status Source of classification or shelving scheme Damaged status Not for loan Collection Home library Current library Shelving location Date acquired Total Checkouts Full call number Barcode Date last seen Date last checked out Copy number Price effective from Koha item type
    Dewey Decimal Classification     Juvenile Fiction Footprints International School Library Network Toul Kork Campus Footprints International School Library Network Toul Kork Campus TK Primary Library Room(4th Floor), Bookcase 5&6, Shelves 33-56, Orange Books 04/07/2023 3 COL 612.8 QP434.C565 FISBK05135 12/14/2023 12/07/2023 1 04/07/2023 Books
    Dewey Decimal Classification     Juvenile Fiction Footprints International School Library Network Toul Kork Campus Footprints International School Library Network Toul Kork Campus TK Primary Library Room(4th Floor), Bookcase 5&6, Shelves 33-56, Orange Books 04/07/2023 1 COL 612.8 QP434.C565 FISTK01926 06/07/2024 01/08/2024 2 04/07/2023 Books
    Dewey Decimal Classification     Juvenile Fiction Footprints International School Library Network Toul Kork Campus Footprints International School Library Network Toul Kork Campus TK Primary Library Room(4th Floor), Bookcase 5&6, Shelves 33-56, Orange Books 04/07/2023   COL 612.8 QP434.C565 FISTK03874 11/02/2023   3 04/07/2023 Books
    Dewey Decimal Classification     Juvenile Fiction Footprints International School Library Network Toul Kork Campus Footprints International School Library Network Toul Kork Campus TK Primary Library Room(4th Floor), Bookcase 5&6, Shelves 33-56, Orange Books 12/10/2024   COL 612.8 QP434.C565 FISTK04430 12/10/2024   4 12/10/2024 Books
    Dewey Decimal Classification     Juvenile Fiction Footprints International School Library Network Toul Tom Poung Campus Footprints International School Library Network Toul Tom Poung Campus TTP Primary Orange Bookshelves 08/08/2025   COL 612.8 QP434.C565 FIS04948 08/08/2025   5 08/08/2025 Books
    Dewey Decimal Classification     Juvenile Fiction Footprints International School Library Network Toul Tom Poung Campus Footprints International School Library Network Toul Tom Poung Campus TTP Primary Orange Bookshelves 08/27/2025   COL 612.8 QP434.C565 FIS01847 08/27/2025   6 08/27/2025 Books